000 00655nam a22002177a 4500
003 SEM
005 20220608073932.0
008 171027b xxu||||| |||| 00| 0 germ
020 _a3772601561
040 _aՍԷՄ
_cՍԷՄ
041 0 _agerm.
082 _a284.1(092)/L-85O
100 1 _aOst Werner
245 1 4 _aWilhelm Löhe.
_bSein Leben und sein Ringen um eine apostolische Kirche. /
_cW. Ost
260 _aNeuendettelsau:
_bFreimund-Verlag,
_c1992.
300 _a205 S.;
_c20 cm.
600 _aLöhe Wilhelm
_d(1808-1872)
_q(Löhe Johann Konrad Wilhelm)
650 _aProtestant pastors
_xbiography
650 _aProtestantism
942 _2udc
_cBK
999 _c67537
_d67537